000
00420nam a2200145Ia 4500
008
090124s9999 xx 000 0 und d
082
_b
205586
245
_a
मोड काटती नदी
250
_a
1
260
_b
भारद्वाज शीतांशु
_c
2002
300
_a
144
630
_a
मोड काटती नदी
730
_a
मोड काटती नदी
942
_c
BOOK
999
_c
187167
_d
187167